Statystyki dla Najpopularniejsze piosenki Jana Rapowanie

Kliknij tutaj aby rozwiązać quiz!

Ogólne statystyki

  • Ten quiz został rozwiązany 239 razy
  • Średni wynik to 4 z 10

Statystyki odpowiedzi

HintOdpowiedź% Poprawnych
17 mlnUkładanka
82%
29 mlnWybory
69%
9,6 mlnWszystko OK
64%
24 mlnJanek nie jest wcale
57%
3,5 mlnTryb samolotowy
49%
4 mlnCo tam
18%
5,3 mlnZaczekaj przed drzwiami
17%
6 mlnRuchy
16%
12 mlnNiech to usłyszą
14%
4 mlnNo co tam świry
7%

Rozkład punktacji

Percentyl według liczby udzielonych odpowiedzi

Procent ludzi z każdym wynikiem

Twoja historia wyników

Nie rozwiązałeś tego quizu